[Event "Skopje ol (Men) prel"]
[Site "Skopje"]
[Date "1972.??.??"]
[Round "4"]
[White "Ljubojevic, Ljubomir"]
[Black "Nobrega, Adaucto da"]
[Result "1-0"]
[WhiteElo "2550"]
[BlackElo "2200"]

1.e4 Nf6 2.e5 Nd5 3.d4 Nb6 4.c4 d6 5.f4 dxe5 6.fxe5 Bf5 7.Nc3 Nc6 8.Be3 Nb4
9.Rc1 c5 10.Nf3 e6 11.a3 cxd4 12.Nxd4 Nc6 13.Nxc6 Qxd1+ 14.Rxd1 bxc6 15.Be2 Nd7
16.Bf4 O-O-O 17.g4 Bg6 18.h4 h5 19.gxh5 Bxh5 20.Ne4 Be7 21.Nd6+ Bxd6 22.Rxd6 Kc7
23.Rh3 Bxe2 24.Kxe2 Nb6 25.b3 Nc8 26.Rxd8 Rxd8 27.Be3 g6 28.Rf3 Rd7 29.Bc5 Kd8
30.Rd3 a6 31.b4 Rxd3 32.Kxd3 Ne7 33.Bxe7+ Kxe7 34.a4  1-0

[Event "Skopje ol (Men) fin-A"]
[Site "Skopje"]
[Date "1972.??.??"]
[Round "7"]
[White "Ljubojevic, Ljubomir"]
[Black "Emma, Jaime"]
[Result "1-0"]
[WhiteElo "2550"]
[BlackElo "2200"]

1.e4 Nc6 2.d4 e5 3.d5 Nce7 4.g3 Nf6 5.Nc3 Ng6 6.Bg2 Bb4 7.Ne2 d6 8.a3 Ba5
9.b4 Bb6 10.Na4 c6 11.c4 cxd5 12.exd5 Bd7 13.Nxb6 axb6 14.Bb2 O-O 15.O-O Qc8
16.Rc1 Bh3 17.f3 Bxg2 18.Kxg2 Qd7 19.Nc3 Qe7 20.Qe2 Nd7 21.Nb5 Rac8 22.h4 Nf6
23.Rce1 Nh5 24.Bc1 f5 25.Bg5 Qd7 26.f4 e4 27.Qxh5 Rxc4 28.a4 Rxb4 29.Ra1 Ra8
30.Qd1 Nh8 31.h5 Nf7 32.h6 Nxh6 33.Bxh6 gxh6 34.Kh3 Rc8 35.Qh5 Rc5 36.Qxh6 Rxd5
37.Rfd1 Rxd1 38.Rxd1 d5 39.Nd6 d4 40.Qg5+ Kf8 41.Qf6+ Kg8 42.Rc1  1-0

[Event "Skopje ol (Men) prel"]
[Site "Skopje"]
[Date "1972.??.??"]
[Round "7"]
[White "Vasquez, Julio E"]
[Black "Ljubojevic, Ljubomir"]
[Result "0-1"]
[WhiteElo "2275"]
[BlackElo "2550"]

1.Nf3 Nf6 2.c4 e6 3.d4 c5 4.e3 Be7 5.Nc3 O-O 6.Be2 cxd4 7.Nxd4 Nc6 8.Nxc6 dxc6
9.O-O Qc7 10.b3 a6 11.Bb2 b6 12.Bf3 e5 13.Qc2 Be6 14.Rfd1 Rac8 15.Rac1 a5
16.Qe2 Bf5 17.e4 Bg6 18.Rd3 Rcd8 19.Rcd1 Rxd3 20.Rxd3 Rd8 21.g3 Bc5 22.Rxd8+ Qxd8
23.Kg2 Bd4 24.Qd3 Qd7 25.Na4 b5 26.cxb5 cxb5 27.Nc3 Qc6 28.a3 h5 29.h3 b4
30.axb4 axb4 31.Na4 Bxe4 32.Bxe4 Nxe4 33.Bxd4 exd4 34.f3 Ng5 35.h4 Ne6 36.Kf2 g6
37.Ke2 Qd6 38.Kf2 Ng7 39.Nb2 Nf5 40.f4 Qc6 41.Nc4 Qh1 42.Qf3 Qc1 43.Qd3 Qc3
44.Ne5 Qb2+ 45.Kf3 Ne3  0-1

[Event "Skopje ol (Men) fin-A"]
[Site "Skopje"]
[Date "1972.??.??"]
[Round "15"]
[White "Ljubojevic, Ljubomir"]
[Black "Ornstein, Axel"]
[Result "1/2-1/2"]
[WhiteElo "2550"]
[BlackElo "2200"]

1.e4 e5 2.Nf3 Nc6 3.Bb5 a6 4.Ba4 d6 5.c4 Bd7 6.Nc3 g6 7.Bxc6 Bxc6 8.d4 Bg7
9.Bg5 f6 10.Be3 Nh6 11.Qb3 Rb8 12.dxe5 dxe5 13.Rd1 Qc8 14.Nd5 Nf7 15.Ba7 Ra8
16.Bc5 Nd8 17.Ba3 Kf7 18.O-O Re8 19.Rd2 Ne6 20.Rfd1 Bh6 21.Rd3 Nf4 22.Nxf4 Bxf4
23.Nd2 Qe6 24.f3  1/2-1/2

[Event "Teeside"]
[Site "Teeside"]
[Date "1972.??.??"]
[Round "2"]
[White "Ljubojevic, Ljubomir"]
[Black "Bilek, Istvan"]
[Result "1-0"]
[WhiteElo "2510"]
[BlackElo "2485"]

1.e4 c5 2.Nf3 Nc6 3.d4 cxd4 4.Nxd4 Nf6 5.Nc3 g6 6.f4 Qb6 7.Nf3 d6 8.Bc4 Bg7
9.Qd3 O-O 10.Bb3 Bg4 11.Be3 Qa5 12.O-O Bxf3 13.gxf3 Qh5 14.Kh1 Rad8 15.Rad1 Qh3
16.Qe2 Nh5 17.Rg1 Kh8 18.Qf2 Qc8 19.f5 e6 20.Bg5 Bf6 21.Qh4 Bxg5 22.Rxg5 Ng7
23.fxg6 fxg6 24.Rxg6 Qc7 25.Rdg1 Rd7 26.Rh6 Ne8 27.Bxe6 Rg7 28.Rxg7 Qxg7
29.Bf5 Rxf5 30.exf5 Qf7 31.Ne4 Qxf5 32.Ng5 Nf6 33.Rxf6  1-0

[Event "Teeside"]
[Site "Teeside"]
[Date "1972.??.??"]
[Round "4"]
[White "Ljubojevic, Ljubomir"]
[Black "Tringov, Georgi P"]
[Result "1/2-1/2"]
[WhiteElo "2510"]
[BlackElo "2490"]

1.b3 Nf6 2.Bb2 g6 3.Nf3 Bg7 4.e3 O-O 5.c4 d6 6.d4 e5 7.dxe5 Nfd7 8.Nc3 dxe5
9.Qd2 Re8 10.h4 e4 11.Ng5 Nf6 12.O-O-O Qxd2+ 13.Rxd2 Bf5 14.f3 exf3 15.e4 Bc8
16.gxf3 Na6 17.Nb5 h6 18.Nh3 Nh5 19.Bg2 Bxb2+ 20.Kxb2 Bxh3 21.Bxh3 Nf4 22.Bf1 Re7
23.Nc3 c6 24.Ne2 Nxe2 25.Bxe2 Nc5 26.b4 Ne6 27.c5 a5 28.a3 axb4 29.axb4 b6
30.cxb6 Rb8 31.Kc3 Rxb6  1/2-1/2

[Event "Teeside"]
[Site "Teeside"]
[Date "1972.??.??"]
[Round "8"]
[White "Ljubojevic, Ljubomir"]
[Black "Wade, Robert Graham"]
[Result "1/2-1/2"]
[WhiteElo "2510"]
[BlackElo "2365"]

1.e4 d5 2.exd5 Nf6 3.c4 c6 4.d4 cxd5 5.Nc3 g6 6.cxd5 Bg7 7.Bb5+ Nbd7 8.d6 O-O
9.dxe7 Qxe7+ 10.Be2 b5 11.Nxb5 Bb7 12.Kf1 Nb6 13.Bf3 Ba6 14.a4 Rad8 15.Ne2 Qd7
16.b3 Rfe8 17.h3 Bxb5 18.axb5 Qxb5 19.Rxa7 Ne4 20.Kg1 Nd5 21.Bxe4 Rxe4 22.Ng3 Rxd4
23.Qf3 Bf6 24.Kh2 Rd3 25.Qe4 Qxb3 26.Ra3 Qxa3 27.Bxa3 Rxa3 28.Rd1 Ra5 29.Qf3 Kg7
30.Ne4 Be5+ 31.g3 h6 32.h4 Rda8 33.Rxd5 Rxd5 34.Ng5 hxg5 35.Qxd5 Re8 36.hxg5 Kg8
37.Kg2 Bg7 38.f4 Re6 39.g4 Bf8 40.f5 Rd6 41.Qb7 Kg7 42.Kf3 Kg8 43.Ke4 Bg7
44.Qb8+ Bf8 45.Ke5 Rc6 46.Qa8 Rb6 47.Qd8 Rc6 48.Qd7 Rb6 49.Kd5 Ra6 50.Qc7 Kg7
51.Qd8 Kg8 52.Kc4 Rd6 53.Qb8 Kg7 54.Qb7 Kg8 55.Kb5 Kg7 56.Qe4 Kg8 57.Qe5 Kh7  1/2-1/2

[Event "Teeside"]
[Site "Teeside"]
[Date "1972.??.??"]
[Round "9"]
[White "Gheorghiu, Florin"]
[Black "Ljubojevic, Ljubomir"]
[Result "1/2-1/2"]
[WhiteElo "2530"]
[BlackElo "2510"]

1.d4 Nf6 2.c4 e6 3.Nf3 c5 4.e3 b6 5.Nc3 Bb7 6.d5 exd5 7.cxd5 Bd6 8.Be2 O-O
9.e4 Re8 10.Bg5 h6 11.Bxf6 Qxf6 12.O-O Na6 13.Qa4 c4 14.Qxc4 Nc5 15.Rfe1 Rac8
16.Bf1 Ba6 17.Qd4 Qxd4 18.Nxd4 Bxf1 19.Kxf1 Nd3 20.Re2 Be5 21.Nf3 Bxc3 22.bxc3 Rxc3
23.Re3 Rec8 24.Nd4 Nb4 25.Rxc3 Rxc3 26.Nb5 Rc2 27.Nxa7 Nxa2 28.Nb5 Nb4 29.Ra7 Nd3
30.h3 Rxf2+ 31.Kg1 Rb2 32.Nd6 Ne5 33.Ra8+ Kh7 34.Re8 f6 35.Re7 b5 36.Nf7 b4
37.Nxe5 fxe5 38.d6 Re2 39.Rxe5 b3 40.Rb5 b2 41.Kh2 Kg6 42.Kg3 Rxe4 43.Rxb2 Rd4
44.Rb7 Rxd6 45.Kf4 Kf6 46.Rb4 h5 47.Rb5 g6 48.Ke3 Re6+ 49.Kf3 Ke7 50.Kf4 Kd6
51.Ra5 Kc6 52.g4 hxg4 53.hxg4 d6 54.Ra8 Kc5 55.Rc8+ Kd4 56.Rc6 Kd5 57.Rc8 Kd4
58.Rc6 Kd3 59.Kg5 Ke4 60.Kh6 Kf4 61.g5 Kf5 62.Ra6  1/2-1/2

[Event "Teeside"]
[Site "Teeside"]
[Date "1972.??.??"]
[Round "10"]
[White "Ljubojevic, Ljubomir"]
[Black "Cafferty, Bernard"]
[Result "1-0"]
[WhiteElo "2510"]
[BlackElo "2440"]

1.e4 Nf6 2.e5 Nd5 3.d4 d6 4.c4 Nb6 5.f4 dxe5 6.fxe5 Nc6 7.Be3 e6 8.Nf3 Be7
9.Nc3 O-O 10.Be2 f6 11.exf6 Bxf6 12.O-O Bd7 13.Ne4 Qe8 14.Nfg5 Bxg5 15.Rxf8+ Qxf8
16.Nxg5 h6 17.Ne4 Rd8 18.Qd3 Bc8 19.Rf1 Qe7 20.b3 Rf8 21.Re1 Nd7 22.Bf3 Rd8
23.Bd1 Qa3 24.Ng3 Nf8 25.Nh5 Qc5 26.d5 Qa5 27.Rf1 exd5 28.Bxh6 dxc4 29.Qg3 Qe5
30.Nf6+ Qxf6 31.Rxf6 Rxd1+ 32.Rf1 Rxf1+ 33.Kxf1 Ne6 34.bxc4 Ncd4 35.Bd2 b6
36.Bc3 Ba6 37.Bxd4 Bxc4+ 38.Kf2 Nxd4 39.Qxc7  1-0

[Event "Teeside"]
[Site "Teeside"]
[Date "1972.??.??"]
[Round "11"]
[White "Parma, Bruno"]
[Black "Ljubojevic, Ljubomir"]
[Result "1/2-1/2"]
[WhiteElo "2530"]
[BlackElo "2510"]

1.e4 e6 2.d4 d5 3.Nd2 c5 4.exd5 exd5 5.Bb5+ Nc6 6.Ngf3 Bd6 7.dxc5 Bxc5 8.Nb3 Bd6
9.O-O Ne7 10.Bg5 O-O 11.Bh4 Bg4 12.Be2 Re8 13.Re1 Qb6 14.Nfd4 Bxe2 15.Rxe2 Nxd4
16.Qxd4 Qxd4 17.Nxd4 Nc6 18.Rxe8+ Rxe8  1/2-1/2

[Event "Teeside"]
[Site "Teeside"]
[Date "1972.??.??"]
[Round "12"]
[White "Bellin, Robert"]
[Black "Ljubojevic, Ljubomir"]
[Result "1/2-1/2"]
[WhiteElo "2315"]
[BlackElo "2510"]

1.e4 c5 2.Nf3 a6 3.c3 b5 4.d4 Bb7 5.Bd3 Nf6 6.e5 Nd5 7.dxc5 e6 8.b4 a5 9.Qb3 Nc6
10.Bd2 Qb8 11.O-O Nxe5 12.Nxe5 Qxe5 13.Re1 Qf6 14.Na3 Be7 15.Nxb5 O-O 16.a3 Rfb8
17.Rad1 Nf4 18.Bxf4 Qxf4 19.Qc4 Qxc4 20.Bxc4 axb4 21.axb4 Bf6 22.Rxd7 Bc6
23.Ra7 Bxb5 24.Rxa8 Rxa8 25.Bxb5 Bxc3 26.Rb1 Ra1 27.Rxa1 Bxa1 28.Kf1 Bc3
29.c6 Be5 30.Ke2 Kf8 31.Kd3 Ke7 32.h3 Kd6 33.Kc4 Bh2 34.Ba4 Bg1 35.f3 h5
36.Kb5 h4 37.Ka6 Kc7 38.b5 Bb6 39.Bc2 g6 40.Bd3 Bf2 41.Ka5 Bc5 42.Be4 Bb6+
43.Ka6 Bf2 44.Ka5 Bb6+ 45.Kb4 Kd6 46.Kc4 Ke5 47.c7 Bxc7 48.Kd3 Kf4 49.Ke2 f5
50.Bc6 g5 51.Bd7 e5 52.Bc6 Bb6 53.Bd5 Bc5 54.Bc6 Kg3 55.Kf1  1/2-1/2

[Event "Teeside"]
[Site "Teeside"]
[Date "1972.??.??"]
[Round "14"]
[White "Keene, Raymond D"]
[Black "Ljubojevic, Ljubomir"]
[Result "0-1"]
[WhiteElo "2465"]
[BlackElo "2510"]

1.g3 e5 2.Bg2 Nc6 3.d3 f5 4.c4 Nf6 5.Nc3 Bb4 6.Nh3 d6 7.O-O Bxc3 8.bxc3 O-O
9.Rb1 h6 10.f4 Qe7 11.Nf2 exf4 12.gxf4 Qf7 13.Kh1 Kh8 14.Rb2 Re8 15.Bf3 Ne7
16.Bxb7 Bxb7+ 17.Rxb7 Ned5 18.e4 fxe4 19.Nxe4 Nxe4 20.dxe4 Nxc3 21.Qd4 Nxe4
22.Bb2 Re7 23.Rb3 c5 24.Qd3 Rae8 25.f5 Kg8 26.f6 Re6 27.Qd5 Nxf6 28.Rb7 R6e7
29.Rxe7 Qxd5+ 30.cxd5 Rxe7 31.Bxf6 Rf7 32.Re1 Rxf6 33.Re8+ Kf7 34.Ra8 Rf5
35.Rxa7+ Kf6 36.a4 Rxd5 37.a5 c4 38.a6 Ra5  0-1

[Event "JUG-ch"]
[Site "Umag"]
[Date "1972.??.??"]
[Round "3"]
[White "Bukic, Enver"]
[Black "Ljubojevic, Ljubomir"]
[Result "1/2-1/2"]
[WhiteElo "2455"]
[BlackElo "2550"]

1.d4 Nf6 2.c4 e6 3.Nf3 c5 4.d5 b5 5.Bg5 exd5 6.cxd5 h6 7.Bxf6 Qxf6 8.Qc2 c4
9.e4 Bb4+ 10.Nc3 O-O 11.Be2 Na6 12.O-O Bxc3 13.bxc3 Nc5 14.e5 Qf4 15.Rad1 d6
16.Qb2 Na4 17.Qa3 dxe5 18.Rfe1 Re8 19.g3 Qf6 20.Nd2 Bd7 21.Ne4 Qg6 22.Nd6 Red8
23.Bf3 Nxc3 24.Nxf7 Qxf7 25.Qxc3 Rf8 26.Kg2 Rae8 27.Qe3 b4 28.Be4 c3 29.f3 a5
30.Qc5 Bf5 31.Rf1 c2 32.Qxc2 Rc8 33.Qe2 Qd7 34.Rd2 Bh3+ 35.Kg1 Bxf1 36.Kxf1 Rc1+
37.Kg2 Qd6 38.Rc2 Rc8 39.Rxc8+ Rxc8 40.Qb5 Ra8 41.Qb7 Rb8 42.Qa7 Qb6 43.Qd7 b3
44.axb3 Qxb3 45.Qe6+ Kh8 46.Qf5 Kg8 47.Qe6+  1/2-1/2

[Event "JUG-ch"]
[Site "Umag"]
[Date "1972.??.??"]
[Round "5"]
[White "Ljubojevic, Ljubomir"]
[Black "Parma, Bruno"]
[Result "1/2-1/2"]
[WhiteElo "2550"]
[BlackElo "2510"]

1.e4 e5 2.Nf3 Nc6 3.d4 exd4 4.c3 d5 5.exd5 Qxd5 6.cxd4 Bg4 7.Be2 Bb4+ 8.Nc3 Bxf3
9.Bxf3 Qc4 10.Qb3 Qxb3 11.axb3 Nxd4 12.Bxb7 Rb8 13.Rxa7 Bc5 14.Ra8 Rxa8 15.Bxa8 Ne7
16.Be4 O-O 17.Bf4 Ne6 18.Bg3 Rb8 19.Bc2 Nc6 20.Kd2 Ncd4 21.Rd1 Nxb3+ 22.Bxb3 Rxb3
23.Kc2 Rb7 24.Rd7 Kf8 25.Ne4 Be7  1/2-1/2

[Event "JUG-ch"]
[Site "Umag"]
[Date "1972.??.??"]
[Round "8"]
[White "Cvetkovic, Srdjan"]
[Black "Ljubojevic, Ljubomir"]
[Result "1-0"]
[WhiteElo "2460"]
[BlackElo "2550"]

1.d4 Nf6 2.c4 e6 3.Nc3 Bb4 4.e3 b6 5.Bd3 Bb7 6.Nf3 Bxc3+ 7.bxc3 d6 8.O-O Nbd7
9.Re1 Ne4 10.Nd2 Nef6 11.e4 e5 12.f4 O-O 13.fxe5 dxe5 14.Nf3 h6 15.a4 Re8
16.Qc2 c5 17.d5 Rf8 18.Qf2 Bc8 19.Rf1 Nh5 20.g4 Nf4 21.Bxf4 exf4 22.e5 Re8
23.Rae1 Nf8 24.Qg2 f6 25.exf6 Rxe1 26.Rxe1 Qxf6 27.g5 hxg5 28.Nxg5 Qxc3 29.Re7 Qd4+
30.Kh1 Qa1+ 31.Bf1 Bf5 32.Rf7 Bd3 33.Rxf4 Ng6 34.d6 Rf8 35.Qd5+ Kh8 36.Rxf8+ Nxf8
37.Qxd3 Qxa4 38.Bh3 Qa1+ 39.Kg2 Qf6 40.Nf3 Ng6 41.Kg3 Qf4+ 42.Kg2 Ne5 43.Qd5  1-0

[Event "JUG-ch"]
[Site "Umag"]
[Date "1972.??.??"]
[Round "11"]
[White "Ljubojevic, Ljubomir"]
[Black "Komljenovic, Davor"]
[Result "1-0"]
[WhiteElo "2550"]
[BlackElo "2200"]

1.b3 Nf6 2.Bb2 c5 3.f4 d5 4.e3 Nc6 5.Nf3 Bf5 6.Bb5 Qb6 7.a4 Rd8 8.O-O d4
9.Na3 e6 10.Nc4 Qc7 11.exd4 cxd4 12.Bxd4 Be7 13.Bxa7 Nd5 14.Bd4 Kf8 15.Bxc6 bxc6
16.Be5 Qa7+ 17.Kh1 h5 18.a5 f6 19.Bd4 c5 20.Be3 h4 21.h3 Qc7 22.Ng1 Be4 23.d3 Nb4
24.Qe2 Ba8 25.Nf3 Nd5 26.Nfd2 Nc3 27.Qf2 Kf7 28.Nf3 Rh5 29.Ng5+ fxg5 30.fxg5+ Bf6
31.gxf6 Qc6 32.fxg7+ Rf5 33.Ne5+  1-0

[Event "JUG-ch"]
[Site "Umag"]
[Date "1972.??.??"]
[Round "14"]
[White "Matanovic, Aleksandar"]
[Black "Ljubojevic, Ljubomir"]
[Result "1-0"]
[WhiteElo "2515"]
[BlackElo "2550"]

1.e4 c5 2.Nf3 d6 3.d4 cxd4 4.Nxd4 Nf6 5.Nc3 a6 6.Be2 e5 7.Nb3 Nbd7 8.a4 b6
9.Bc4 Bb7 10.Qd3 Be7 11.Bg5 O-O 12.O-O Qc7 13.Bxf6 Nxf6 14.Rfd1 Rfc8 15.Nd2 Qc5
16.Bb3 Rd8 17.Nf1 Rac8 18.Ne3 Bf8 19.Rd2 g6 20.Ned5 Bxd5 21.Nxd5 Nxd5 22.Bxd5 Bh6
23.Re2 a5 24.Qh3 Bg5 25.Qg4 Bh6 26.Qh4 Kg7 27.Bxf7 Rf8 28.Be6 Rce8 29.Bd5 Rf6
30.Qg3 Ref8 31.Qc3 Bg5 32.Qxc5 dxc5 33.g3 Rd6 34.Kg2 Be7 35.c3 Rdf6 36.Rd1 Rd6
37.Ree1 Rfd8 38.Rf1 R6d7 39.Kf3 Rc7 40.Bc4 Rxd1 41.Rxd1 Kf6 42.Ke2 g5 43.h3 h5
44.Rd5 h4 45.Kf3 hxg3 46.fxg3 Rb7 47.Kg4 Rc7 48.Kh5 Rb7 49.Kg4 Rc7 50.Rd2 Kg6
51.Rd1 Rb7 52.h4 gxh4 53.gxh4 Bf8 54.Rd8 Bh6 55.Rd6+ Kh7 56.Bd5 Rb8 57.Kh5 Bg7
58.c4 Bf8 59.Re6 Bg7 60.b3 Rf8 61.Rxb6 Rf3 62.Rb5 Bf8 63.Rxa5 Rxb3 64.Ra7+ Kh8
65.a5 Ra3 66.a6 Bh6 67.Kg6 Rg3+ 68.Kf5 Bg7 69.Rb7 Rf3+ 70.Kg4 Ra3 71.a7  1-0

[Event "JUG-ch"]
[Site "Umag"]
[Date "1972.??.??"]
[Round "15"]
[White "Ljubojevic, Ljubomir"]
[Black "Rukavina, Josip"]
[Result "1/2-1/2"]
[WhiteElo "2550"]
[BlackElo "2480"]

1.e4 c6 2.Nc3 d5 3.Nf3 Bg4 4.h3 Bxf3 5.Qxf3 Nf6 6.d4 dxe4 7.Qe3 Nbd7 8.Nxe4 Nxe4
9.Qxe4 Nf6 10.Qd3 e6 11.Bd2 Qd5 12.c4 Qe4+ 13.Be3 Bb4+ 14.Kd1 Qxd3+ 15.Bxd3 O-O
16.Kc2 Rad8 17.Rhd1 Rd7 18.Be2 Rc8 19.Rac1 Rcd8 20.Bf3 Ba5 21.a3 Bb6 22.Kc3 Kf8
23.b4 e5 24.c5 Bc7 25.dxe5 Bxe5+ 26.Kc4 Nd5 27.Bxd5 Rxd5 28.Rxd5 Rxd5 29.b5 Rd8
30.a4 Ke8 31.a5 Kd7 32.Re1 cxb5+ 33.Kxb5 a6+ 34.Kb6 Bc7+ 35.Kxb7 Rb8+ 36.Ka7 Kc6
37.Bd4 Rb7+ 38.Ka8  1/2-1/2

[Event "JUG-ch"]
[Site "Umag"]
[Date "1972.??.??"]
[Round "17"]
[White "Ljubojevic, Ljubomir"]
[Black "Marovic, Drazen"]
[Result "1-0"]
[WhiteElo "2550"]
[BlackElo "2465"]

1.e4 c6 2.d3 d5 3.Nd2 e5 4.Ngf3 Nd7 5.d4 dxe4 6.Nxe4 exd4 7.Bc4 Ndf6 8.Neg5 Nh6
9.O-O Be7 10.Nxd4 O-O 11.c3 Nf5 12.Nge6 Bxe6 13.Nxe6 Qxd1 14.Rxd1 Rfc8 15.Bf4 b5
16.Bb3 a5 17.Ng5 Rf8 18.a4 Bc5 19.Kf1 Ra7 20.h3 Ne7 21.axb5 h6 22.Nxf7 Nfd5
23.Bd6 Bb6 24.Bxe7 Rxf7 25.Bxd5 cxd5 26.Bh4 d4 27.cxd4 Rf4 28.Bg3 Rxd4 29.Rxd4 Bxd4
30.Ra4 Bxb2 31.b6 Rb7 32.Bc7 Bc3 33.Ke2 Bb4 34.Rxb4 axb4 35.Kd3 Kf7 36.Kc4 Ke6
37.Kxb4 Kd7 38.Kc5 Rxc7+ 39.bxc7 Kxc7 40.Kd5 Kd7  1-0

[Event "JUG-ch"]
[Site "Umag"]
[Date "1972.??.??"]
[Round "18"]
[White "Masic, Ljubomir"]
[Black "Ljubojevic, Ljubomir"]
[Result "0-1"]
[WhiteElo "2390"]
[BlackElo "2550"]

1.c4 e5 2.Nc3 Nc6 3.g3 d6 4.Bg2 Be6 5.d3 Qd7 6.Nd5 Nge7 7.Qa4 a5 8.e4 Nxd5
9.cxd5 Nd4 10.Qd1 Bg4 11.f3 Bh5 12.Be3 c5 13.dxc6 Nxc6 14.Ne2 d5 15.h4 f6
16.Bh3 Qd8 17.O-O d4 18.Bd2 Bf7 19.f4 Bb4 20.fxe5 Bxd2 21.Qxd2 fxe5 22.Rf2 O-O
23.Raf1 Qe7 24.a3 h6 25.Bg4 Rab8 26.Nc1 Qd6 27.Kg2 b6 28.Bd1 Be6 29.Bb3 Rxf2+
30.Qxf2 Ne7 31.Qc2 Rc8 32.Bxe6+ Qxe6 33.Qb3 Qxb3 34.Nxb3 a4 35.Na1 Rc5 36.Kf3 Nc6
37.Ke2 b5 38.Kd2 b4 39.axb4 Nxb4 40.g4 Na2 41.h5 Rc7 42.Rf5 Rb7 43.Kc2 Nb4+
44.Kd2 Nc6 45.Kc1 Rf7 46.Nc2 Rxf5 47.gxf5 Kf7 48.Ne1 Nb4 49.Kd2 Ke7 50.Nc2 Nc6
51.Ne1 Kf6 52.Nf3 Nb4 53.Nh4 Kg5 54.Nf3+ Kf4 55.Nh4 Nc6 56.f6 gxf6 57.Nf5 Kg5
58.Ng7 Nb4 59.Ke2 Nc2 60.Kd2 a3 61.bxa3 Nxa3 62.Kc1 Nb5 63.Kc2 Nd6 64.Kb3 Kg4
65.Kb4 Kf3 66.Kc5 Nxe4+ 67.Kd5 Ng3 68.Nf5 Nxf5  0-1

[Event "Nice olm fin-A"]
[Site "Nice"]
[Date "1974.??.??"]
[Round "1"]
[White "Ljubojevic, Ljubomir"]
[Black "Padevsky, Nikola"]
[Result "1-0"]
[WhiteElo "2605"]
[BlackElo "2480"]

1.e4 e6 2.d3 g6 3.Nf3 Bg7 4.c3 Ne7 5.Bf4 d6 6.Qc1 h6 7.d4 Nd7 8.Na3 b6 9.Nc4 Kf8
10.h4 Bb7 11.Bd3 Nc6 12.Qe3 e5 13.Bg3 Kg8 14.a3 a5 15.Rd1 a4 16.dxe5 dxe5
17.Qe2 Qe8 18.h5 g5 19.Ne3 Nc5 20.Nd5 Nxd3+ 21.Qxd3 Qc8 22.Qc4 Kh7 23.Nf6+ Bxf6
24.Qxf7+ Bg7 25.Nxg5+  1-0

[Event "Nice olm fin-A"]
[Site "Nice"]
[Date "1974.??.??"]
[Round "6"]
[White "Ljubojevic, Ljubomir"]
[Black "Filip, Miroslav"]
[Result "1-0"]
[WhiteElo "2605"]
[BlackElo "2495"]

1.e4 e5 2.Nf3 Nc6 3.c3 Nf6 4.d4 Nxe4 5.dxe5 d5 6.Bb5 Bc5 7.O-O O-O 8.b4 Bb6
9.a4 a5 10.bxa5 Nxa5 11.Ba3 Bc5 12.Nd4 Bxa3 13.Rxa3 f6 14.exf6 Qxf6 15.Ra2 c5
16.Nb3 Be6 17.Nxa5 Rxa5 18.c4 Qd4 19.Re2 Bf7 20.cxd5 Bxd5 21.Qc2 Qb4 22.Qd3 Nf6
23.Nc3 Bf7 24.Qg3 Bg6 25.Re7 Nh5 26.Qe3 Qd4 27.Rxb7 Nf4 28.Rd1 Rxb5 29.Qxd4 cxd4
30.Nxb5 Bc2 31.Ra1 Be4 32.Re7 Bxg2 33.Nxd4 Bd5 34.f3 Rb8 35.Rc1 h6 36.Nf5 Bxf3
37.Rxg7+ Kh8 38.Rgc7 Ne2+ 39.Kf2 Nxc1 40.Kxf3 Nb3 41.Ra7 Nc5 42.a5 Rf8 43.Kg4 Rf6
44.Ne7 Re6 45.Kh5 Kg7 46.Nd5+ Kf8 47.Nf4 Rd6 48.Ng6+ Ke8 49.Kxh6 Kd8 50.h4 Nd7
51.Kg7 Kc8 52.Ra8+ Kb7 53.Rd8 Kc7 54.Rh8 Rd5 55.h5 Rf5 56.h6 Nf6 57.Ne7 Rf1
58.Rf8 Nh5+ 59.Kg8 Rg1+ 60.Kh8 Kd7 61.Ng6 Ke6 62.Rb8 Nf6 63.Kg7 Nh5+ 64.Kf8 Rf1+
65.Ke8 Nf6+ 66.Kd8 Kf7 67.Ne5+ Ke6 68.Ng6 Kf7 69.Ne5+ Ke6 70.Rb5 Rh1 71.Nc4 Nd5
72.Rc5 Nb4 73.Rb5 Nc6+ 74.Kc7  1-0

[Event "Nice olm prel"]
[Site "Nice"]
[Date "1974.??.??"]
[Round "7"]
[White "Ljubojevic, Ljubomir"]
[Black "Westerinen, Heikki MJ"]
[Result "0-1"]
[WhiteElo "2605"]
[BlackElo "2465"]

1.e4 e5 2.Nf3 Nc6 3.Bb5 a6 4.Ba4 d6 5.c3 Bd7 6.O-O Nf6 7.Re1 Be7 8.d4 O-O
9.Bg5 h6 10.Bh4 b5 11.dxe5 Nxe5 12.Nxe5 dxe5 13.Bb3 Bc6 14.Nd2 Nd7 15.Bg3 Bh4
16.Nf1 Bxg3 17.hxg3 Nc5 18.Bd5 Bxd5 19.exd5 Qg5 20.Qc2 Rae8 21.b4 Nd7 22.c4 Qd8
23.cxb5 axb5 24.Ne3 Nb6 25.Qc6 f5 26.Qxb5 f4 27.gxf4 exf4 28.Nc2 f3 29.Rxe8 Rxe8
30.d6 cxd6 31.Rd1 Re2 32.Ne1 Qh4 33.Qxb6 Rxe1+ 34.Rxe1 Qg4 35.Re8+ Kh7 36.Kf1 fxg2+
37.Kg1 Qh3  0-1

[Event "Nice olm fin-A"]
[Site "Nice"]
[Date "1974.??.??"]
[Round "13"]
[White "Ciocaltea, Victor"]
[Black "Ljubojevic, Ljubomir"]
[Result "1/2-1/2"]
[WhiteElo "2470"]
[BlackElo "2605"]

1.e4 c5 2.Nf3 d6 3.d4 cxd4 4.Nxd4 Nf6 5.Nc3 a6 6.f4 Nbd7 7.a4 g6 8.Nf3 Qc7
9.Bd3 Bg7 10.O-O O-O 11.Qe2 Nc5 12.Be3 e5 13.Kh1 Bd7 14.Nd2 exf4 15.Rxf4 Bc6
16.Raf1 Nfd7 17.Bc4 Ne5 18.Nd5 Bxd5 19.Bxd5 Ne6 20.Bxe6 fxe6 21.Rxf8+ Bxf8
22.c3 Qc6 23.a5 Qa4 24.Bd4 Qxa5 25.Nf3 Nc6 26.e5 dxe5 27.Bxe5 Re8 28.h3  1/2-1/2

[Event "Nice olm fin-A"]
[Site "Nice"]
[Date "1974.??.??"]
[Round "14"]
[White "Ljubojevic, Ljubomir"]
[Black "Spassky, Boris V"]
[Result "1/2-1/2"]
[WhiteElo "2605"]
[BlackElo "2650"]

1.e4 e5 2.Nf3 Nc6 3.Bb5 a6 4.Ba4 Nf6 5.O-O Be7 6.Re1 b5 7.Bb3 d6 8.c3 O-O
9.h3 Na5 10.Bc2 c5 11.d4 Qc7 12.Nbd2 cxd4 13.cxd4 Nc6 14.a4 Nxd4 15.Nxd4 exd4
16.Nf3 Bb7 17.Bg5 Rfe8 18.Rc1 Qb6 19.Qxd4 Qxd4 20.Nxd4  1/2-1/2

[Event "JUG-ch"]
[Site "Zagreb"]
[Date "1977.??.??"]
[Round "1"]
[White "Hulak, Krunoslav"]
[Black "Ljubojevic, Ljubomir"]
[Result "1/2-1/2"]
[WhiteElo "2525"]
[BlackElo "2615"]

1.e4 c5 2.Nf3 d6 3.d4 cxd4 4.Nxd4 Nf6 5.Nc3 a6 6.Be2 e5 7.Nb3 Be6 8.f4 Qc7
9.g4 exf4 10.g5 Nfd7 11.Bxf4 Nc6 12.Qd2 Nce5 13.O-O-O Rc8 14.Nd4 b5 15.Kb1 Qb7
16.Nf5 b4 17.Nd5 a5 18.Qd4 Rc5 19.Nde3 Rc6 20.Ng4 Qb8 21.Qd2 Qb6 22.Be3 Qb7
23.Bd4 Qc7 24.Nge3 Qb7 25.Ng4 Qc7 26.Bxe5 dxe5 27.Bb5 Rc5 28.Ba4 Kd8 29.Qe2 Kc8
30.Rd2 Nb6 31.Bb3 Kb7 32.Rhd1 a4 33.Bxe6 fxe6 34.Nd6+ Bxd6 35.Rxd6 Rc8 36.Ne3 Rc6
37.R6d3 Rf8 38.a3 bxa3 39.Rxa3 Rf4 40.Qd3 Qe7 41.Qb5  1/2-1/2

[Event "JUG-ch"]
[Site "Zagreb"]
[Date "1977.??.??"]
[Round "2"]
[White "Ljubojevic, Ljubomir"]
[Black "Govedarica, Radovan"]
[Result "1/2-1/2"]
[WhiteElo "2615"]
[BlackElo "2440"]

1.b3 d5 2.Bb2 c6 3.e3 Nf6 4.Be2 h6 5.d3 g6 6.Nd2 Bg7 7.Ngf3 O-O 8.O-O Bg4
9.c4 Nbd7 10.Rc1 Ne8 11.Qc2 Bxb2 12.Qxb2 Bxf3 13.Nxf3 e6 14.e4 Nef6 15.cxd5 cxd5
16.e5 Nh5 17.Qd2 Kh7 18.Rc2 Qb6 19.Rfc1 Nb8 20.d4 Nc6 21.Rc5 a6 22.R1c3 Qb4
23.g4 Ng7 24.Kg2 f5 25.exf6 Rxf6 26.g5 hxg5 27.Qxg5 Raf8 28.Qh4+ Nh5 29.Ng5+ Kh6
30.Bxh5 gxh5 31.Nxe6 Rxe6 32.Rxd5 Ne5 33.Rg3 Rxf2+ 34.Kh3 Rf5 35.Rxe5 Rexe5
36.dxe5 Qxh4+ 37.Kxh4 Rxe5 38.Rd3 Re4+ 39.Kg3 Re2 40.a4 Re5 41.Rd6+ Kg5 42.Rb6 Re3+
43.Kg2 Re7 44.h3 Kh4 45.Rb4+ Kg5  1/2-1/2

[Event "JUG-ch"]
[Site "Zagreb"]
[Date "1977.??.??"]
[Round "3"]
[White "Rajkovic, Dusan"]
[Black "Ljubojevic, Ljubomir"]
[Result "0-1"]
[WhiteElo "2495"]
[BlackElo "2615"]

1.g3 e5 2.Bg2 d5 3.Nf3 Nc6 4.d3 Nf6 5.O-O Be7 6.c4 O-O 7.cxd5 Nxd5 8.Nc3 Be6
9.Nxd5 Bxd5 10.Be3 Qd6 11.Qa4 f5 12.Rac1 b6 13.Nd2 Bxg2 14.Kxg2 Nd8 15.Qc4+ Rf7
16.d4 exd4 17.Bf4 Qb4 18.Bxc7 Qxd2 19.Qd5 Nb7 20.Qxb7 Raf8 21.Bf4 Qxb2 22.Qd5 Bc5
23.Rfe1 Qb5 24.e3 Qd7 25.Qb3 dxe3 26.Bxe3 Bxe3 27.Rxe3 f4 28.Rd3 Qb7+ 29.Qd5 Qxd5+
30.Rxd5 fxg3 31.fxg3 Rf2+ 32.Kh3 h6 33.a4 R8f5 34.Rd7 Rh5+ 35.Kg4 Rfxh2 36.Rxa7 Rg5+
37.Kf3 Ra2 38.Rc3 b5 39.a5 b4 40.Rc8+ Kh7 41.a6 Ra3+ 42.Kf4 Rgxg3 43.Rb7 Rgc3
44.Ra8 Rc6  0-1

[Event "JUG-ch"]
[Site "Zagreb"]
[Date "1977.??.??"]
[Round "4"]
[White "Ljubojevic, Ljubomir"]
[Black "Ivanovic, Bozidar"]
[Result "1-0"]
[WhiteElo "2615"]
[BlackElo "2440"]

1.e4 c5 2.Nf3 Nc6 3.d4 cxd4 4.Nxd4 Nf6 5.Nc3 d6 6.h3 e6 7.Be3 Be7 8.g4 a6
9.Bg2 Nd7 10.Nce2 h5 11.gxh5 Qa5+ 12.c3 Qxh5 13.Qd2 Nde5 14.b3 Nxd4 15.Nxd4 g5
16.Rg1 Bd7 17.f3 b5 18.O-O-O Rc8 19.Kb2 Rg8 20.Bf1 Qh8 21.Be2 Nc6 22.a3 Nxd4
23.cxd4 Rg6 24.Bxg5 Bxg5 25.Rxg5 Rxg5 26.Qxg5 Qxh3 27.e5 dxe5 28.dxe5 Qh2
29.Rd2 Rc5 30.Bxb5 Qxd2+ 31.Qxd2 axb5 32.f4 Rd5 33.Qc3 Rd1 34.Qe3 b4 35.a4 Rf1
36.Qd4 Bc6 37.Qxb4 Rf2+ 38.Ka3 Rc2 39.Qb8+ Ke7 40.Qd6+ Ke8 41.b4 Rc3+ 42.Kb2 Rc4
43.f5  1-0

[Event "JUG-ch"]
[Site "Zagreb"]
[Date "1977.??.??"]
[Round "5"]
[White "Nemet, Ivan"]
[Black "Ljubojevic, Ljubomir"]
[Result "0-1"]
[WhiteElo "2455"]
[BlackElo "2615"]

1.Nf3 c5 2.g3 b5 3.Bg2 Bb7 4.O-O Nf6 5.a4 b4 6.c4 e6 7.b3 Be7 8.Bb2 O-O 9.d3 d5
10.e3 Nc6 11.Nbd2 Nd7 12.Rc1 Rc8 13.Re1 Na5 14.d4 Bf6 15.cxd5 exd5 16.Ne5 Re8
17.f4 cxd4 18.Rxc8 Qxc8 19.exd4 Nf8 20.Nf1 Ne6 21.Ne3 Qd8 22.Qd3 Be7 23.Rc1 f6
24.N5g4 Bf8 25.h4 Nc7 26.h5 Re6 27.h6 Rc6 28.hxg7 Kxg7 29.Nf5+ Kh8 30.Rc5 Rxc5
31.dxc5 Bxc5+ 32.Kh2 Ne8 33.Qb5 Bf8 34.Bd4 a6 35.Qe2 Nxb3 36.Ngh6 Bxh6 37.Nxh6 Nxd4
38.Qe3 Kg7 39.Qxd4 Kxh6 40.Qxb4 Nd6 41.g4 Ne4 42.Qd4 Qc7  0-1

[Event "JUG-ch"]
[Site "Zagreb"]
[Date "1977.??.??"]
[Round "6"]
[White "Ljubojevic, Ljubomir"]
[Black "Marjanovic, Slavoljub"]
[Result "1/2-1/2"]
[WhiteElo "2615"]
[BlackElo "2355"]

1.e4 c5 2.Nf3 d6 3.d4 Nf6 4.Nc3 cxd4 5.Nxd4 a6 6.Be2 e5 7.Nb3 Be7 8.O-O Be6
9.f4 Qc7 10.a4 Nbd7 11.Kh1 O-O 12.a5 exf4 13.Bxf4 Rac8 14.Nd4 Rfe8 15.Bd2 Ne5
16.b3 Nfd7  1/2-1/2